000 00570nam a22001577a 4500
008 140515b xxu||||| |||| 00| 0 eng d
020 _a9781782180678
050 _aBX1682.Z5 L3 B622
100 _aLamont, Donal
_910222
245 _aA Bishop could not do otherwise
_bthe life and witness of Bishop Donal Lamont (1911-2003)
_cDonal Lamont
260 _aDublin
_bThe Columbia Press
_c2013
300 _a235p. ;
_c23cm.
600 _aLamont, Donal
_910223
650 _aCatholic Church
_xHistory
_xPolitics
_y!965
_zMutare (Diocese)
_zZimbabwe
_910224
942 _2lcc
_cMONOGRAPH
999 _c120499
_d120499